Where Is That 'H' City? Quiz Stats

 Plays Quiz Updated Jun 29, 2018

Challenge
Share
Tweet
Embed
Score 0/20 Timer 04:00
10 Plays Today
Question Answer Wrong Answers
Hiroshima Japan
97%
Philippines
0.3%
Indonesia
0.3%
China
0.5%
Hong Kong China
95.5%
United Kingdom
0.7%
Malaysia
1.3%
South Korea
0.6%
Helsinki Finland
93.9%
Estonia
0.5%
Poland
2%
Switzerland
1.6%
Ho Chi Minh City Vietnam
92%
Cambodia
3.6%
Laos
1%
Philippines
1.4%
Halifax Canada
87.6%
Australia
3.3%
New Zealand
6%
Portugal
1%
Hartford United States
86.9%
Canada
4.6%
Bahamas
1.8%
New Zealand
4.6%
Hanover Germany
85.7%
Netherlands
3.8%
Belgium
4%
Austria
4.3%
Harare Zimbabwe
81.1%
United States
0.8%
Madagascar
7.1%
Sri Lanka
8.8%
Hyderabad Pakistan
75.8%
Kyrgyzstan
7.5%
Uzbekistan
8%
Tajikistan
6.2%
Heraklion Greece
73%
Cyprus
12.3%
Bosnia and Herzegovina
9.6%
Russia
2.6%
Hsinchu Taiwan
70.8%
Micronesia
9.3%
Palau
7.5%
Brunei
9.8%
Haifa Israel
70.8%
Egypt
14.8%
Somalia
5.8%
Sudan
6.2%
Hobart Australia
65.7%
Canada
6.5%
New Zealand
21.2%
Fiji
4.3%
Haarlem Netherlands
64.7%
United States
11.4%
South Africa
16.9%
Angola
4.8%
Helsingborg Sweden
64.2%
Norway
27.1%
Latvia
3.4%
Belarus
3%
Hamhung North Korea
52.1%
Japan
7.7%
Mongolia
28.2%
Palau
9.5%
Homs Syria
51.4%
Iraq
17.9%
United Arab Emirates
12.1%
Iran
16.1%
Hortolândia Brazil
39.3%
Colombia
17%
Portugal
20%
Andorra
21.1%
Herat Afghanistan
31.2%
Pakistan
12.1%
India
10.6%
Turkey
43.5%
HolguĂ­n Cuba
27.9%
Jamaica
6.8%
Mexico
30.6%
Dominican Republic
32%

You're not logged in!

Compare scores with friends on all Sporcle quizzes.
Join for Free
OR
Log In

You Might Also Like...

Show Comments

Extras

Top Quizzes Today


Score Distribution

Your Account Isn't Verified!

In order to create a playlist on Sporcle, you need to verify the email address you used during registration. Go to your Sporcle Settings to finish the process.

Report this User

Report this user for behavior that violates our Community Guidelines.

Details: